000 00801nam a2200229Ia 4500
001 17188
003 GE_BSU
008 181216s||||||||xx |||||||||||||| ||und||
040 _cGE_BSU
080 _a821.161.1-31
100 _aპავლენკო, პ.
245 _aბედნიერება
245 _bრომანი
245 _cთარგ. ქ. დათიკაშვილისა და ლ. ტიტვინიძისა ; წინასიტყვ. ავტ.: ნ. აგიაშვილი
260 _aთბილისი
260 _bსახელგამი
260 _c1951
300 _a376გვ. : 1 ფურც. პორტრ. ; 20სმ.
653 _aბედნიერება
653 _aრომანი
942 _cBK
999 _c50250
_d50250